Quizzes
Events
Quiz Creation
Community
Videos
Private Events
Remove Ads
Sign In
Join for FREE
Feedback
Dark Mode
Quiz Categories
Sports
Geography
Music
Movies
Television
Just For Fun
Miscellaneous
History
Literature
Language
Science
Gaming
Entertainment
Religion
Holiday
For Kids
Quiz Lab
Recent
Popular Today
Quiz Kudos Today
Editor Picks
Curator Picks
Quizzes by...
Day
Popularity
Type
Ratings
Length
Year
Community
Subscriptions
Recent Discussions
Orange Saloon
Badges
Playlists
Quests
Create
Leaderboards
Showdown
Live 5
Trivia Bingo
Activity
Puzzle Library
Sporcle Events
Private Events
Virtual Trivia
Globe League
Become a Host
Pub Owners
SporcleCon
Opinionation
Our Games
Videos
Blog
Mobile Apps
Partnerships
Remove Ads and Go Orange
Feedback
Gaming
Video Games
Board Games
Card Games
Pokémon
Mario
Nintendo
Minecraft
Console
Toys
Legend of Zelda
Gaming
Video Games
Board Games
Card Games
Pokémon
Mario
Nintendo
Minecraft
Console
Toys
Legend of Zelda
Random Quiz
Search Sporcle
×
Quiz Lab
Quiz Lab
Gaming
Mario
Type in answers that appear in a list
Type in answers that appear in a list
Classic
Best Score? Go Orange.
Mario Games Galore Stats
Can you name the Mario Games?
By
5912aaa
5m
15 Questions
62 Plays
62 Plays
62 Plays
Comments
Comments
Give Quiz Kudos
Give Quiz Kudos
-
- Ratings
hide this ad
Replay
Link that replays current quiz
Next Quiz
Link to next quiz in quiz playlist
You Got
0%
They Got
Avg Score
71%
Avg Friend Score
Upgrade to see
Score Distribution
Jump to the score distribution portion of the page
Score
0/15
Timer
05:00
0
Plays Today
Hint
Game
% Correct
Mario only has 2 game of his own at this point. He works with his brother, Luigi, to get to the end of world 8, and to rescue Princess Toadstool Peach for the first time.
Super Mario Bros.
96.8%
Mario's name is Jumpman in this famous arcade game featuring Donkey Kong.
Donkey Kong
95.2%
Mario has been dreaming some weird things. Including an evil king named Wart.
Super Mario Bros. 2
85.5%
Mario and Luigi now have a new Power-
Up called the Tanooki Suit, or Racoon Suit.
Super Mario Bros. 3
83.9%
Mario has a 'New' game for the DS.
New Super Mario Bros.
83.9%
Mario has to clean the sewers, and rid them of bugs, turtles, spikeys, and even crabs!
Mario Bros.
79%
Mario has found a friend named Yoshi in a new, and strange world called Dinosaur Land
Super Mario World
79%
This is another new game, but there are 2 new power-
ups. Penguin Suit, and Propeller Suit.
New Super Mario Bros. Wii
71%
Hint
Game
% Correct
Instead of rescuing Peach, Mario has to save Princess Daisy from Tatanga, who hypnotized the inhabitants of Sarasaland
Super Mario Land
67.7%
Mario is very super on the Nintendo 64.
Super Mario 64
64.5%
Mairo is flying through the galaxys!
Super Mario Galaxy
61.3%
This Mario game was a re-
produce of the first Super Mario Bros. It was claimed to have 'Lost Levels'.
Super Mario Bros. The Lost Levels
59.7%
Mario is flying through the stars on Starship Mario.
Super Mario Galaxy 2
59.7%
Mario is relaxing on Delfino Island.
Super Mario Sunshine
53.2%
In this land, Mario has to find six golden coins, and beat the 6th world.
Super Mario Land 2: 6 Golden Coins
25.8%
Quiz Playlist
Details
Report
Send in Message
Add To Playlist
Classic:
Type in answers that appear in a list
Quiz Source
Last Updated: Feb 16, 2017
Quiz Scoreboard
CHALLENGE
Sign Up to Join the Scoreboard
Show All
Scores
Hide
Comments
May contain spoilers
Recently Published
NBA Finals Game Top Scorers (2010s)
by flibbidy
Sports
5m
Guess the 'R' Things in 3 Words
by MSUKent
Miscellaneous
3m
Actor to Badly Drawn Movie III
by MoMosMoProblems
Movies
5m
More to Explore
Quiz From the Vault
Featured Blog Post
Where Does Lost Luggage Go?
hide this ad
You Might Also Like...
Tags
Mario Quiz
Today's Top Quizzes in Gaming
Browse Gaming
hide this ad
Today's Top Quizzes in Mario
Browse Mario
Top Contributed Quizzes in Gaming
1
Video Game Rainbow Blitz
2
Genshin Impact Logic Puzzle
3
Pokémon Gen IV Logic Puzzle (HARD)
4
Genshin Impact Logic Puzzle Quiz
5
Rainbow Six Siege Operators by Picture
6
Magic: the Gathering Set Symbols - LCI
7
Ordering Roman Numerals: Pokémon
8
St. Patrick's Pick: Gaming
9
Ultimate Genshin Impact Logic Puzzle (up to 4.3)
10
Wii Remote Buttons
Explore More
Trending Topics
Crossword
Anime
Marvel
Disney
Kpop
NBA
Harry Potter
WWE
Puzzle
NFL
Soccer
Song
The Office
Pokémon
Country
hide this ad
More By:
5912aaa
Quiz
Plays
Rating
Category
Featured
Created
Sonic Safe Cracker
523
1.00
Gaming
Apr 14, 2011
Legendary Pokemon Gen. 5
424
2.00
Gaming
Feb 2, 2011
Mario Party Blitz
353
1.67
Gaming
Mar 3, 2011
Mario & Sonic Wii Games
285
3.00
Gaming
Feb 17, 2011
Mario Kart Wii Items
119
2.00
Gaming
Apr 26, 2011
Go to Creator's Profile
Score Distribution
Quiz Creator Spotlight
5912aaa
Follow
Send a Message
Quizzes Created
-
Created Quiz Play Count
-
More By This Creator
Popular Quizzes Today
1
Find the US States - No Outlines Minefield
2
Find the US States
3
The Countries of the World
4
10 Largest US States in Order
5
Find the Countries of Europe - No Outlines Minefield
6
US States
7
Guess the 'R' Things in 3 Words
8
NBA Finals Game Top Scorers (2010s)
More Gaming Quizzes
Rock Band Songs
Published
Trending Quizzes
First Name TV: Leading Men
Match the Book to the Film II
First Name TV: Leading Women Drama
3-Word Movies in 1 Word II
Match the Book to the Film VI
Recently Updated
Women's Final Four Teams by Year
bhenderson79
Presidents Quartet II
eogle
Anything But Clue(do)
eogle
Anything But Oceanian Capitals
eogle
Anything But 7
eogle
Anything But Thing
eogle
Word Ladder: February 29
pecheneg
Song Title Questions
pecheneg
Women's NCAA Tournament #1 Seeds
pecheneg
Celebrity Mug Shots
pecheneg
Trending Topics
Disney
Anime
Crossword
Harry Potter
NBA
Marvel
Kpop
The Office
Country
WWE
Soccer
Song
NFL
Pokémon
Puzzle
Your Account Isn't Verified!
In order to create a playlist on Sporcle, you need to verify the email address you used during registration. Go to your
Sporcle Settings
to finish the process.
Report this User
Report this user for behavior that violates our
Community Guidelines
.
Details:
Send Report
Go to the Sporcle.com Mobile Site →
Comments